[Event "GMA, Wijk aan Zee NED"]
[Site "?"]
[Date "2003.??.??"]
[Round "8"]
[White "Ponomariov,R"]
[Black "Radjabov,T"]
[Result "0-1"]
[WhiteElo "2730"]
[BlackElo "2620"]
[PlyCount "76"]
[Annotator "Hathaway"]

1. Nf3
{ After getting stomped on by Anand in the previous round it now appears Ponomariov wants a quieter and more closed position. }
1...Nf6 2. c4 g6 3. Nc3
{ It's impossible to know the intentions of someone who uses this move-order. He might want to play e2-e4 and then d2-d4 to achieve the full pawn center without allowing a Gruenfeld Defense or he might intend to play g2-g3 in any case. }
3...Bg7
{ Some players are still comfortable with a standard-issue King's Indian Defense. }
 (3...d6 
{ Allows Black to meet e2-e4 with ...c7-c5, if he wishes and is comfortable with a Maroczy Bind, which would occur after d2-d4 ...c5xd4. }) (3...c5) 4. e4 d6 5. d4 O-O 6. Be2 e5
{ This is most common, but there are alternatives. With this move Black aims to pressure White's pawn center, perhaps to play ...exd4 to open the g7-a1 diagonal for Black's Bg7. White can aim for an end-game with the Exchange Variation (7. dxe5 dxe5 8. Qxd8 Rxd8) or he can block the center with the Petrosian Variation (7. d5) or he can maintain the tension and see what develops; keeping an eye on Black's threats of course. }
 (6...Nc6)  (6...c6)  (6...Na6) 7. O-O Nc6 8. d5
{ In some lines White doesn't mind a pawn trade, but he rarely wants to allow a knight exchange along with it. It's considered much better to push Black's Nc6 back to keep Black cramped. }
8...Ne7 9. b4
{ Bayonet Variation - feared for a time, it's now considered strong, but not overwhelming. White aims for c4-c5 and holds off on maneuvering pieces. }
9...Nh5
{ preparing ...f7-f5 and in some cases ...Nh5-f4 }
10. Re1 (10. c5 Nf4 
{ threatening ..Nxe2 to trade-off a minor piece before going forward with ...f7-f5 }
 11. Bxf4 exf4 12. Rc1 
{ was the main Bayonet sub-variation for a long time. When Rf1-e1 was played successfully it became "all the rage". }) 10...f5 (10...h6 11. Nd2 Nf4  (11...Nf6 $4 $16 
{ and White has his offense well under-way while Black has  nothing })  12. Bf1 
{ is better for White }) 11. Ng5
{ This is one of the unusual features of the Bayonet Variation. As far as I know, it's the only King's Indian Defense variation where the knight goes on this adventure. }
11...Nf6 12. f3
{ secures e4, but allows ...Nf6-h5, weakens Kg1 and fixes the pawn structure, so Black will have time to think about how to go around it. }
 (12. Bf3 $5) 12...Kh8
{ This is an interesting approach: Black expects Ng5-e6 to be played eventually, so he just keeps his coordination good and considers ways to regain perfect control of e6 (...Ne7-g8, ...Qd8-e7 for example) . }
 (12...h6 13. Ne6 Bxe6 14. dxe6 
{ and then Black's attention would be focused on getting rid of Pe6 while maintaining his coordination. }) 13. Rb1 h6 14. Ne6 Bxe6 15. dxe6 fxe4
{ Black fixes White pawns on light squares to hinder Be2 and it also ends the possbility of e4xf5 to loosen-up Black's king-side. }
16. fxe4 Nc6 $1
{ This is more aggressive than ...Ne7-g8 and Nc6 has square d4, so Black's position looks very good. It's up to White to show he can hold Pe6 or create an offense, somewhere on the board as compensation. }
17. Nd5
{ sort of threatening b4-b5 and e6-e7. Though Black could easily respond with ...Nc6-e7 it's not the move Black really wants to make. }
17...Ng8
{ So, Black redefends square e7, keeping Nc6 free to move Nc6-d4xe6. Nd5 has the effect of keeping Pe6 safe from Black's queen because it also threatens Pc7. }
18. Bd3 Nd4 19. Qg4
{ More support for Pe6, just in the nick of time. Now Black can consider ...c7-c6 to kick Nd5 away, but he also has to consider how he will defend Pg6. }
19...g5 $5
{ It's really odd that Black would move this pawn near his king, but it does avoid Black having pieces on awkward squares. I suppose Black is thinking about ways to fight on the light squares and he can't be defending too much if he expects to play offense. }
20. Qh3
{ threatening e6-e7 with Bc1xg5 to follow }
 (
{ It seems to me the big test is }
 20. h4 gxh4 21. e7 $2 Nxe7 22. Bxh6 Bxh6 23. Qxh4 Ng8 $19) 20...c6 21. Ne3 (21. e7 Nxe7 22. Bxg5 cxd5 23. Bxh6  (23. exd5 Qc8 24. Bxe7 Qxh3 25. gxh3 Nf3+ 26. Kh1 Nxe1 27. Rxe1 Rf3 $13)  23...Qc8 24. Qh4 $11) 21...Qf6
{ Finally Black has Pe6 in mortal danger and there is the immediate threat of ...Qf2+, mating. }
22. Ng4 Qe7
{ keeping an eye on Bc1xg5 }
23. Be3 Nxe6
{ Black's plan is succeeding very nicely. He's kept his position intact and won Pe6. Now, in theory he should be able to start offering piece trades to win with his extra pawn. In practice it might take a bit more work than that. }
24. g3 Qd7
{ It looks like he's aligning with Qh3, but it's possible he means to bring ...Ng8-e7-g6 (or somesuch) or to advance ...d6-d5. }
25. Rf1 d5 $2 $11
{ Allowing Pe4 to move and release Bd3 can't be good. }
 (25...Rxf1+ 26. Rxf1 Rf8 27. Rxf8  (27. Rf5 
{ also looks good })  27...Bxf8 $15 28. Bxa7  (28. Nxh6 $2 Bxh6 29. Bxg5 Kg7 $17)  28...c5 29. b5 Nd4 30. Qh5 $14 
{ according to Fritz7 and probably because of White's two bishops, despite Bd3 being rather bad and Ba7 misplaced }) 26. Rf5 $6 (26. exd5 $142 cxd5 27. Nf2 $11 
{ Mark & Fritz7 }
  (27. cxd5 $2 Qxd5 28. Bf5 $17) ) 26...dxc4
{ Black has to be careful of which lines he opens. It could be disastrous to open the wrong diagonals for White's bishops. }
27. Bxc4 Nd4 28. Rxf8 Rxf8 29. Qh5
{ ending the alignment with Qd7 and preparing to threaten Be3xg5. At the moment it's indirectly defended by ...Nd4-f3+. }
29...Qd6 (29...Qe8 
{ prevents White's offense from proceeding unimpeded and offers another piece trade in the hopes of gaining a simpler position where the extra pawn can be more useful }) 30. Kg2 b5 31. Bf7 (31. Bxg8 Kxg8 32. h4 
{ is one way to keep real pressure on Black's king }
 32...Qe6 
{ Fritz7 has another view of things. It sees the bigger picture (in a tactical sense) and knows the White king-side attack isn't winning, so he finds a variation which few people would even consider. }
 33. Rb2 Qc4 34. Rf2 Rxf2+ 35. Nxf2 Qxb4 36. hxg5 hxg5 $17) 31...Nc2
{ I think this is a critical position for both players. White has asserted some offense and Black has "stated" his position is impregnable. Then there is also the possibility for Black to play offense, but it's not clear whether it works. Black's first effort at an incursion occurs when White's Qh5 and Bf7 are amazingly out of position to respond in defense and Rb1 can't easily get into play. But are they needed? }
 (31...Nf6 $5 
{ Fritz7's second favorite move, but one I think is pretty neat, for all the curious variations which can arise from it. }
 32. Nxf6  (32. Qg6 $4 Rxf7   (32...Nxg4 $5 33. Qxd6 Nxe3+ 34. Kf2 Ng4+ 35. Kg2 Rxf7 $19 
{ Mark & Fritz7 })   33. Qxf7 Nxg4 $19)  32...Qe7  (32...Qxf6 $2 33. Rf1 Qe7 34. h4 Qxb4 35. Bxg5 Ne6 36. Bxh6 Qxe4+ 37. Kh3 Qh7  38. Bxg7+ Nxg7 39. Qxh7+ Kxh7 40. Bg6+ Kg8 41. Bh7+ Kxh7 42. Rxf8 $18   
{ Fritz7 })  33. Bg6 Qxf6 $15 
{ Fritz7 }) (31...a5 $15 
{ Fritz7; Only a computer program would consider such a move with White's threats to Kh8 on-going. }) 32. Bc5 Qd2+ 33. Nf2 (33. Kh1 $4 Ne1 $19) 33...Nf6 34. Qg6 Ng4 $17 
{ Fritz7 }
 (34...Nxe4 $1 $17 
{ Fritz7 }) 35. Kg1 $19
{ If White can't continue the attack with Bc5xf8 then he's at a standstill and Black's attack will probably win. Apparently Radjabov has fended-off the FIDE champion's attack and has counter-attacked successfully. Ponomariov must have been shocked and dismayed to be dismissed so efficiently. }
 (35. Bxf8 $4 Nce3+ 36. Kh1 Nxf2+ 37. Kg1 Nh3+ 38. Kh1 Qg2#)  (35. Rd1 $4 Nce3+ 36. Bxe3 Nxe3+) 35...Nce3 36. Bxe3
{ After this dark squares remain "solid" and White's troops aren't perfectly aligned to invade on the light squares. }
36...Nxe3 37. h4 (37. Qh5 g4) 37...Qe2 38. Qh5 g4
{ Ironically, White can't prevent Black from invading on the light squares (e.g. ...Qe2-f3-g2#) . Pono must have wondered why he wasn't able to involve Rb1 more. Radjabov had to be jubiliant to have succeeded so well. }
0-1

[Event "GMA, Wijk aan Zee NED"]
[Site "?"]
[Date "2003.??.??"]
[Round "9"]
[White "Polgar,Ju"]
[Black "Shirov,A"]
[Result "1/2"]
[WhiteElo "2700"]
[BlackElo "2720"]
[PlyCount "44"]
[Annotator "Hathaway"]

1. e4 c5 2. Nf3 Nc6 3. d4 cxd4 4. Nxd4 Nf6 5. Nc3 e5 6. Ndb5 d6 7. Bg5 a6 8.Na3 b5 9. Nd5 Be7 10. Bxf6 Bxf6 11. c3 Bg5 12. Nc2 O-O 13. a4 bxa4 14. Rxa4 a5 15. Bb5
{ Polgar varies from her use of Bf1-c4 in her first round game with Topalov. I think Bb5 is more to the point, though the question of how to involve Nc2 without allowing it to be exchanged for Bg5 is still unclear. }
15...Ne7 16. Ncb4 $5
{ If White can trade Nd5 and then replace it with Nb4-d5 White will be doing quite well. }
16...Bd7 17. Nxe7+ Bxe7 18. Nc6 (18. Bxd7 axb4  (18...Qxd7 $6 19. Qa1 $14)  19. Rxa8 
{ doesn't help White to control the pace of developments or to win material }
 19...Qxa8) 18...Qe8 19. Qd5 Be6 20. Qd3 Bd7 21. Qd5 (21. Nxe7+ Qxe7 22. O-O 
{ appears to be the only way to continue the plan }) 21...Be6 22. Qd3 Bd7
{ Apparently Polgar will have to go back to the drawing board to look for ways to gain more advantage(s) . }
1/2-1/2

[Event "GMA, Wijk aan Zee NED"]
[Site "?"]
[Date "2003.??.??"]
[Round "9"]
[White "Radjabov,T"]
[Black "Kramnik,V"]
[Result "1/2"]
[WhiteElo "2620"]
[BlackElo "2805"]
[PlyCount "37"]

1.d4 Nf6 2.c4 e6 3.Nf3 b6 4.g3 Ba6 5.Nbd2 d5 6.Bg2 Be7 7.cxd5 exd5 8.Ne5 
O-O 9.O-O Bb7 10.b3 c5 11.Bb2 Re8 12.Rc1 Na6 13.dxc5 bxc5 14.e3 Qb6 15.Re1 
Rad8 16.Qf3 Nc7 17.g4 Ne6 18.h4 h6 19.Qg3 1/2

[Event "GMA, Wijk aan Zee NED"]
[Site "?"]
[Date "2003.??.??"]
[Round "9"]
[White "Timman,J"]
[Black "Karpov,An"]
[Result "1/2"]
[WhiteElo "2590"]
[BlackElo "2685"]
[PlyCount "48"]

1.e4 e5 2.Nf3 Nf6 3.Nxe5 d6 4.Nf3 Nxe4 5.d4 d5 6.Bd3 Be7 7.O-O Nc6 8.c4 
Nb4 9.Be2 O-O 10.Nc3 Bf5 11.a3 Nxc3 12.bxc3 Nc6 13.Re1 Re8 14.cxd5 Qxd5 
15.Bf4 Rac8 16.h3 Bf6 17.Nh2 Qa5 18.Bd2 Rcd8 19.Bf3 h6 20.Ng4 Bxg4 21.hxg4 
Bg5 22.Bxg5 hxg5 23.Rxe8+ Rxe8 24.Qd3 Nd8 1/2

[Event "GMA, Wijk aan Zee NED"]
[Site "?"]
[Date "2003.??.??"]
[Round "9"]
[White "Grischuk,A"]
[Black "Bareev,E"]
[Result "0-1"]
[WhiteElo "2710"]
[BlackElo "2725"]
[PlyCount "76"]
[Annotator "Boris Alterman and Jason Doss"]

1. e4 c6 2. d4 d5 3. e5 Bf5 4. Nc3 e6 5. g4 Bg6 6. Nge2 c5 7. h4 h5 8. Nf4 Bh7
9. Nxh5 cxd4 10. Nb5 Nc6 11. Nxd4 Nge7 12. Rh3 {This modern idea is to develop
the rook via the 3rd rank, however, in this position it is probably not the
best manuever.} 12... a6 13. Bg5 Qb6 14. Nxc6 Nxc6 15. Bd3 Bxd3 $1 (15... Qxb2
16. Bxh7 Rxh7 17. Rb1 Qxe5+ 18. Kf1 {
White has strong compensation for the pawn.}) 16. Rxd3 Qb4+ 17. c3 Qe4+ 18. Re3
Qg2 19. Rc1 (19. Nf4 Qg1+ $1 (19... Qh2 20. Nd3 $16) 20. Kd2 Qxf2+ 21. Re2 Qb6
{A very unclear position. Both sides have their Kings in the center, but black
has the trump of a better pawn structure!}) 19... Qg1+ 20. Kd2 Qxf2+ 21. Re2
Qc5 22. Qa4 Rc8 $1 (22... b5 $6 23. Qf4) 23. Rf1 Rc7 24. Kc1 d4 25. Rd1 $6 {
White's pieces are uncoordinated after this inaccuracy. It would have been
better to keep the rook on the openfile} (25. Rd2 $1 Rd7 26. Kb1 Qxe5 27. Qc2
Qc5 28. Ng3 {The position here would remain unclear with white having full
compensation for the pawn, thanks to weakened position of the Black King and
strong piece coordination.}) 25... Rd7 26. Red2 Qxe5 27. cxd4 Qe4 $1 {
This centralization of the Black king wreaks havoc in White's position. The B
on g5 and N on h5 are dislocated from the Queen side, and white's pawns on the
King side are target practice for the Black pieces.} 28. Rc2 f6 29. Bd2 b5 $1 {
A strong ambitous continuation in time pressure. The following results in a
forced continuation.} 30. Qxa6 Nxd4 31. Rc8+ Kf7 32. Ng3 Qxg4 {
White cannot contain the pressure of Black's Queen-side attack.} 33. Rg1 Ne2+ (
33... Nf3 $5 34. Qxb5 Qd4 {wins as well.}) 34. Nxe2 Qxe2 35. Rd1 $4 {
A time pressure blunder, after..} (35. Rc2 {White does not lose instantly.})
35... Bb4 $3 {The final blow! The Bishop on d2 is pinned and white has no time
to create any counter-threats.} 36. Qc6 Bxd2+ 37. Kc2 Ba5+ {Qd3# was better!}
38. Kb3 Qxd1+ {And finally white resigned} 0-1

[Event "GMA, Wijk aan Zee NED"]
[Site "?"]
[Date "2003.??.??"]
[Round "9"]
[White "Anand,V"]
[Black "Krasenkow,M"]
[Result "1/2"]
[WhiteElo "2750"]
[BlackElo "2630"]
[PlyCount "37"]

1.e4 e5 2.Nf3 Nc6 3.Bb5 Nf6 4.O-O Nxe4 5.d4 Nd6 6.Bxc6 dxc6 7.dxe5 Nf5 
8.Qxd8+ Kxd8 9.Nc3 Ke8 10.h3 Be7 11.Rd1 Nh4 12.Nxh4 Bxh4 13.Ne2 h5 14.Be3 
Be7 15.Rd2 h4 16.Rad1 Rh5 17.f4 Be6 18.Nd4 Bc5 19.Bf2 1/2

[Event "GMA, Wijk aan Zee NED"]
[Site "?"]
[Date "2003.??.??"]
[Round "9"]
[White "Topalov,V"]
[Black "Ponomariov,R"]
[Result "1/2"]
[WhiteElo "2740"]
[BlackElo "2730"]
[PlyCount "115"]

1.e4 e5 2.Nf3 Nc6 3.Bb5 Nf6 4.O-O Nxe4 5.d4 Nd6 6.Bxc6 dxc6 7.dxe5 Nf5 
8.Qxd8+ Kxd8 9.Nc3 Be7 10.Rd1+ Ke8 11.g3 h6 12.b3 Be6 13.Bb2 Rd8 14.h3 
g5 15.g4 Ng7 16.Ne4 Bd5 17.Nf6+ Bxf6 18.exf6 Ne6 19.Ne5 Nf4 20.Re1 Be6 
21.Bc1 Nd5 22.Nd3 b6 23.c4 Nxf6 24.Nb4 c5 25.Bb2 cxb4 26.Bxf6 Rf8 27.Bxd8 
Kxd8 28.c5 Kd7 29.Rac1 Kc6 30.Re5 b5 31.Rd1 a5 32.Rd4 Ra8 33.f4 gxf4 34.Rxf4 
a4 35.Rxb4 axb3 36.axb3 Ra3 37.h4 Bxb3 38.h5 Bc4 39.Kf2 Ra1 40.Rb2 f6 41.Re7 
f5 42.Rh7 fxg4 43.Rxh6+ Kxc5 44.Rg6 Rh1 45.Rg5+ Kb6 46.Kg3 c6 47.Rxg4 Bd3 
48.Rh2 Rxh2 49.Kxh2 c5 50.Rg6+ Ka5 51.Rc6 c4 52.h6 Kb4 53.Kg3 Kc3 54.Kf4 
b4 55.Rc7 b3 56.h7 Bxh7 57.Rxh7 Kc2 58.Ke3 1/2

[Event "GMA, Wijk aan Zee NED"]
[Site "?"]
[Date "2003.??.??"]
[Round "9"]
[White "Van Wely,L"]
[Black "Ivanchuk,V"]
[Result "1/2"]
[WhiteElo "2665"]
[BlackElo "2695"]
[PlyCount "39"]

1.d4 d5 2.c4 c6 3.Nf3 Nf6 4.e3 g6 5.Nc3 Bg7 6.Bd3 O-O 7.O-O Bg4 8.h3 Bxf3 
9.Qxf3 e6 10.Rd1 Nbd7 11.b3 Re8 12.Bb2 Qe7 13.Bf1 Rad8 14.a4 Rc8 15.Ba3 
Qd8 16.Rab1 a5 17.Qe2 Bf8 18.Qb2 Ra8 19.Bxf8 Rxf8 20.b4 1/2

[Event "GMA, Wijk aan Zee NED"]
[Site "?"]
[Date "2003.??.??"]
[Round "10"]
[White "Ponomariov,R"]
[Black "Van Wely,L"]
[Result "1-0"]
[WhiteElo "2730"]
[BlackElo "2665"]
[PlyCount "117"]

1.e4 c5 2.Nf3 Nc6 3.Bb5 g6 4.Bxc6 dxc6 5.h3 Bg7 6.d3 Nf6 7.Nc3 c4 8.O-O 
cxd3 9.cxd3 c5 10.Be3 b6 11.d4 Bb7 12.d5 O-O 13.Qb3 Qc8 14.Rad1 e6 15.Bg5 
exd5 16.e5 c4 17.Qc2 Nd7 18.Nxd5 Kh8 19.Qc3 Re8 20.Bf6 Nxf6 21.exf6 Bf8 
22.Ne7 Bxe7 23.fxe7+ Kg8 24.Rfe1 Qc6 25.Qe5 Rac8 26.Rd6 Qc5 27.Qf6 Bxf3 
28.gxf3 Qf5 29.Qxf5 gxf5 30.Kh2 h6 31.Rxh6 Kg7 32.Rd6 f6 33.R1e6 c3 34.bxc3 
Rxc3 35.Kg3 Ra3 36.Re2 Kf7 37.Rd7 Rg8+ 38.Kh2 Re8 39.h4 Rxf3 40.Rxa7 Rf4 
41.Kg3 Rg4+ 42.Kh3 Rg1 43.f3 f4 44.Kh2 Rg3 45.Rg2 Rxf3 46.h5 Rd3 47.h6 
f5 48.Rb7 Rd6 49.Rg7+ Kf6 50.a4 Rd2+ 51.Rg2 Rd6 52.h7 Kf7 53.Rg8 Rh6+ 54.Kg2 
Rg6+ 55.Rxg6 Kxg6 56.Rxb6+ Kxh7 57.Rb7 Kg6 58.a5 Kf7 59.a6 1-0